000 00726nam a22001697a 4500
005 20251108165243.0
008 250721s1988 xx 000 0 ara d
082 1 4 _a551.9/دبا
100 1 _aالدباغ، سالم محمود عبد الله
245 1 0 _aمبادئ و طرق الإستكشاف الجيوكيميائي للرواسب الخام :
_bكتاب منهجي لطلبة السنة الرابعة في أقسام علوم الأرض في كليات العلوم /
264 1 _aالموصل :
_bمديرية دار الكتب للطباعة و النشر،
_c1988.
300 _a241ص : إيض
650 1 7 _aكيمياء الأرض
650 1 7 _aالجيوكيمياء
942 _2ddc
_cBK
999 _c23311
_d23311